Diccionario inglés-español y español-inglés /
Salvato in:
| Autore principale: | |
|---|---|
| Altri autori: | |
| Natura: | Libro |
| Lingua: | spagnolo |
| Soggetti: | |
| Tags: |
Nessun Tag, puoi essere il primo ad aggiungerne!!
|
MARC
| LEADER | 00000nam^a2200000^a^4500 | ||
|---|---|---|---|
| 001 | 000157373 | ||
| 005 | 20250521000000.0 | ||
| 009 | 20260310100535.576 | ||
| 037 | |a Acervo ITESO - Biblioteca | ||
| 041 | |a ESP | ||
| 082 | |a 423. |b ROB | ||
| 100 | |a Roberston, Richard |e (autor) | ||
| 245 | 1 | 0 | |a Diccionario inglés-español y español-inglés / |c R. Roberston ; ed. revisada y aumentada de L. Jordá. |
| 264 | |a Barcelona, España : |b Sopena, |c 1955 | ||
| 300 | |a 1240 p. | ||
| 336 | |a texto |b txt |2 rdacontenido | ||
| 337 | |a sin mediación |b n |2 rdamedio | ||
| 338 | |a volumen |b nc |2 rdasoporte | ||
| 546 | |a Edición bilingüe español-inglés | ||
| 649 | |a XX | ||
| 650 | |a Inglés-Español - |x Enciclopedias y Diccionarios | ||
| 650 | |a Lenguas Romances - |x Enciclopedias y Diccionarios | ||
| 650 | |a Lenguas Itálicas - |x Enciclopedias y Diccionarios | ||
| 650 | |a Lenguas Germánicas - |x Enciclopedias y Diccionarios | ||
| 650 | |a Lenguas Indo-Europeas - |x Enciclopedias y Diccionarios | ||
| 650 | |a Lenguas - |x Enciclopedias y Diccionarios | ||
| 650 | |a Gramática | ||
| 650 | |a Lingüística | ||
| 650 | |a Enciclopedias y Diccionarios Bilingües | ||
| 700 | |a Jordá, Luis |e (edición) | ||
| 910 | |a Fondo Armando Suárez Gómez | ||
| 920 | |a Impresos - Libros | ||
| 930 | |a Fondos Especiales | ||
| 905 | |a 111 | ||
| 901 | |a 0700004991 |b IT2 |c ESP |u 20250521 | ||
| 902 | |a https://opac.biblio.iteso.mx/vufind/Record/000157373 | ||